| 000 | 00554 a2200181 4500 | ||
|---|---|---|---|
| 003 | OSt | ||
| 005 | 20250610110947.0 | ||
| 008 | 250531b |||||||| |||| 00| 0 eng d | ||
| 020 | _a9781307351699 | ||
| 020 | _a9781307998207 | ||
| 040 | _coclc | ||
| 082 |
_a658.155 _bGAN/S |
||
| 100 | 1 |
_aGanguin, Blaise _910587 |
|
| 245 |
_aStrategic business and risk analysis / _cBlaise Ganguin, John Bilardello |
||
| 260 |
_bMcGraw Hill _c2018. _c2024. |
||
| 300 |
_a218 pages _a214 pages |
||
| 942 |
_2ddc _cBK _h658.155 _iGAN/S _k658.155 _mGAN/S |
||
| 999 |
_c44501 _d44501 |
||